000 00863nam a2200217 i 4500
001 89685
003 ES-MaACL
005 20250903075124.0
007 t|
008 050112s1939 sp ||||1| spa d
080 _a025.343.1
100 1 _aLasso de la Vega Jiménez-Placer, Javier,
_d1892-1990
_970478
245 1 0 _aReglas para la formación y redacción de los catálogos-diccionarios en las bibliotecas :
_bseguidas de una lista de encabezamientos de materia y numerosos apéndices /
_cpor Javier Lasso de la Vega y Cesáreo Goicoechea.
260 _aVitoria :
_b[s.n.],
_c1939 (
_eSantander :
_fAldus)
300 _a200 p. ;
_c22 cm.
650 7 _aCatalogación bibliográfica
_2embne
_910838
650 4 _aEncabezamientos de materia.
_9165437
700 1 _aGoicoechea, Cesáreo.
_957606
852 4 _aES-MaACL
_jA-5237
999 _c89685
_d89685